Normal view
MARC view
- HENRIQUES, ROBERT
Entry Personal Name
001 - CONTROL NUMBER
- control field: 57653
003 - CONTROL NUMBER IDENTIFIER
- control field: NUST
005 - DATE AND TIME OF LATEST TRANSACTION
- control field: 20210628201952.0
008 - FIXED-LENGTH DATA ELEMENTS
- fixed length control field: 210628|| aca||aabn | a|a d
040 ## - CATALOGING SOURCE
- Original cataloging agency: NUST
- Transcribing agency: NUST
100 ## - HEADING--PERSONAL NAME
- Personal name: HENRIQUES, ROBERT
670 ## - SOURCE DATA FOUND
- Source citation: Work cat.: (NUST): HENRIQUES, ROBERT, A HUNDERED HOURS TO SUEZ AN ACCOUNT OF ISRAEL'S CAMPAIGN IN THE SINAI PENINSULE, 1957
